| 000 | 00361nam a22001337a 4500 | ||
|---|---|---|---|
| 003 | OSt | ||
| 005 | 20231128164727.0 | ||
| 008 | 231128b |||||||| |||| 00| 0 eng d | ||
| 040 | _cCO-JMCR | ||
| 082 |
_a158.1 m85C _bFRAm |
||
| 100 |
_aFrance Marine _eautor _943015 |
||
| 245 |
_aCreer en sì mismo _bLa clave de una vida feliz / _cMarine France |
||
| 942 |
_2ddc _cBK |
||
| 999 |
_c30442 _d16826 |
||